000 00651nam a2200277Ia 4500
005 20260324134737.0
008 008 260324s9999 xx 000 0 eng d
020 _a9780203187708
037 _aEBOOK
040 _aCRL
040 _beng
040 _cCRL
041 _2eng
041 _aeng
084 _qCRL
100 _aMartyn Cribb; David Woods
_91197985
245 0 _aEffective LEAs and School Improvement
260 _bTaylor and Francis
260 _c2001
365 _a
365 _b195
856 _uhttp://www.taylorfrancis.com/books/9780203187708
942 _cEBOOK
999 _c1798378
_d1798378